000 00782nam a22002177a 4500
005 20180105111358.0
010 _a1718EN-30 ENG-116659
020 _a9789351941453
_c495.00
035 _aEN-100191
035 _aB-682904-932
037 _bAakar
_adpl
037 _bDBAD/PUB
082 _a796
100 _aVijayan Bala
245 _aThe complete Indian sports quiz B??K /
_cby Vijayan Bala
260 _aNew Delhi
_bRoli Books
_c2015
270 _aM-75,Greater Kailash II Market
_bNew Delhi
_e110048
300 _a424p. :
_c22cm(pbk)
_bill
942 _2ddc
_cEN
_h796
_mVIJ
999 _c104768
_d104768